SOLID STATE DEVICES AND APPLICATIONS (Record no. 567613)

000 -LEADER
fixed length control field 00365nam a22001337a 4500
020 ## - INTERNATIONAL STANDARD BOOK NUMBER
International Standard Book Number 0-408-00050-3
082 ## - DEWEY DECIMAL CLASSIFICATION NUMBER
Classification number 621.381 LEW'S
100 ## - MAIN ENTRY--PERSONAL NAME
Personal name LEWIS, RHYS
9 (RLIN) 57317
245 ## - TITLE STATEMENT
Title SOLID STATE DEVICES AND APPLICATIONS
260 ## - PUBLICATION, DISTRIBUTION, ETC.
Place of publication, distribution, etc. LONDON
Name of publisher, distributor, etc. NEWNES BUTTEROWRTH
Date of publication, distribution, etc. 1971
300 ## - PHYSICAL DESCRIPTION
Extent 258P
650 ## - SUBJECT ADDED ENTRY--TOPICAL TERM
Topical term or geographic name entry element DIODES BIPOLAR TRANSISTERS UNIPOLAR TRANSISTER
9 (RLIN) 57318
942 ## - ADDED ENTRY ELEMENTS (KOHA)
Koha item type Book
Holdings
Withdrawn status Lost status Damaged status Not for loan Permanent Location Current Location Shelving location Date acquired Total Checkouts Full call number Barcode Date last seen Price effective from Koha item type
        College of Electrical & Mechanical Engineering (CEME) College of Electrical & Mechanical Engineering (CEME) General Stacks 07/13/2017   621.381 LEW'S CEME-24951 06/28/2021 06/28/2021 Book
© 2023 Central Library, National University of Sciences and Technology. All Rights Reserved.